000 00479nam a22001817a 4500
003 CEME
005 20210628210554.0
008 210210b xxu||||| |||| 00| 0 eng d
020 _a0-387-97040-1
040 _c.
082 _a512.74 BRE
100 _aBressoud, David.M
_977963
245 _aFactorization and primality testing
260 _aNEW YORK
_bSPEINGER VERLAG
_c1989
300 _a244
650 _aNUMBERS,PRIME FACTORIZATION-MATHEMATICS
_979998
942 _cBK
_2ddc
999 _c584976
_d584976